00474nam a2200205Ia 4500008004100000020001800041050001400059100001600073245003700089245001900126260001500145260001600160260000900176300001600185300002000201300001000221300002200231440000600253500000900259170918s9999 xx 000 0 und d a9780439629072 bB478 2005 aBenton, Jim aAm I the princess or the frog? / cby Jim Benton. aNew York : bScholastic, c2005 a148 pages : billustrations ; c19cm. eDear dumb diary ; a3 a1040